Statistiques concernant Quiz raccords de montage - cinéma

Cliquez ici pour prendre le quiz!

Statistiques générales

  • Ce quiz a été pris 37 fois
  • Le résultat moyen est 11 sur 25

Statistiques - réponses

HintRéponse% Correct
Raccord classique 30°le premier raccord du cinéma au sein d’une scène respectant la règle des 30°
78%
Split Screen/SurimpressionAgglomération d’au moins deux images par composition ou surimpression
67%
Ralentir ; Accélérer ; Geler ‐ un MédiaDilatation, contraction de la durée d’un média ou son arrêt pur et simple
67%
Raccord 180°Raccord franchissant consciemment la règle des 180°
67%
Fondu Noir/Blanc/CouleurTransition souple entre deux plans en passant par une image noire, blanche ou autre
67%
Raccord de Rupture Image et/ou SonoreRaccord basé sur la création d’une rupture par l’image (contraste entre deux plans successifs)
ou par le son (rupture d’ambiance, soulignement sonore marqué) ou par les deux à la fois (image et son)
56%
Raccord LéopardRaccord mouvement accompagné d’un changement de lieu et/ou de sujet
56%
Raccord RegardRaccord porté par la direction donnée par le regard d’un sujet. L’on voit ce qu’il voit
56%
Fondu enchainéTransition souple entre deux plans créant une troisième image par brève surimpression
56%
JumpCutajouter un cut au sein du même plan ne respectant pas la règle des 30°
44%
Raccord Mouvement CameraRaccord basé sur la continuité d’un mouvement de caméra
44%
Raccord en reprise de pointRaccord basé sur la perte de netteté d’une image et la reprise de netteté d’une autre
44%
Raccord dans l’Axe (ou saut de valeur)Raccord classique visant à s’approcher ou s’éloigner d’un sujet/objet
44%
Substitution/Raccord invisibleRaccorder deux images en donnant l’impression qu’il s’agissait d’un plan séquence ou pour faire
un effet visuel (apparition/disparition)
44%
Champ/ContrechampTechnique usuelle de montage d’une conversation ou d’un échange de regards
44%
Volet (forme)Un raccord d’effet permettant de passer progressivement d’une image à l’autre par l’entremise
d’un balayage directionnel (horizontal/vertical/mixte) ou d’une forme (circulaire, rectangulaire, autre)
44%
Volet naturelRaccord basé sur un mouvement d’un sujet/objet ou de la caméra qui obscurcit le champ afin de
permettre un changement de lieu par exemple
33%
Raccord Analogie de FormeRaccord utilisant un élément de l’image de forme similaire entre deux plans
33%
Raccord Analogie de composition d’imageRaccord utilisant une structure de composition d’image similaire entre deux plans
33%
Redite de MontageRéutilisation d’un plan strictement identique dans un film
33%
Insertutilisation d’un plan intercalé entre deux autres à des fins sémantiques ou techniques
33%
Raccord Mouvement filéRaccord basé sur le flou de bougé produit par le décadrage brusque de la caméra
22%
Raccord Mouvement SujetRaccord basé sur le mouvement d’un sujet au sein d’un même lieu afin de fluidifier le cut
22%
Écho de MontageRépétition d’une action sous plusieurs angles de prise de vue
22%
Raccord de DirectionRaccord basé sur le déplacement d’un sujet dans le champ de l’image
11%

Distribution des résultats

Percentile par nombre de réponses

% des personnes avec chaque résultat

Votre développement - résultats

Vous n’avez pas pris ce quiz